| 000 | 00347nam a22001217a 4500 | ||
|---|---|---|---|
| 999 |
_c2827 _d2827 |
||
| 005 | 20200924143017.0 | ||
| 008 | 200924b ||||| |||| 00| 0 eng d | ||
| 020 | _a0716609908 | ||
| 040 | _cCML | ||
| 245 | _aThe World Book Encyclopedia: I-Z. | ||
| 260 |
_aLondon _bWorld Book, Inc _c1990 |
||
| 942 |
_2ddc _cBK _eVolume 24 _h030 _kR _mWOR |
||